Construction planning, equipment and methods (Record no. 6330)

MARC details
000 -LEADER
fixed length control field 00722nam a22002297a 4500
003 - CONTROL NUMBER IDENTIFIER
control field OSt
005 - DATE AND TIME OF LATEST TRANSACTION
control field 20251125170859.0
008 - FIXED-LENGTH DATA ELEMENTS--GENERAL INFORMATION
fixed length control field 251125b |||||||| |||| 00| 0 eng d
020 ## - INTERNATIONAL STANDARD BOOK NUMBER
International Standard Book Number 0-07-110724-X.
040 ## - CATALOGING SOURCE
Original cataloging agency DWCL-Main lib
Transcribing agency OC
082 ## - DEWEY DECIMAL CLASSIFICATION NUMBER
Edition number 7th ed.
Classification number Circ. 624 P514c 2006
100 ## - MAIN ENTRY--PERSONAL NAME
Personal name Peurifoy, Robert L.
245 ## - TITLE STATEMENT
Title Construction planning, equipment and methods
Statement of responsibility, etc. Peurifoy, Robert L.
260 ## - PUBLICATION, DISTRIBUTION, ETC.
Place of publication, distribution, etc. Boston :
Name of publisher, distributor, etc. Mcgraw-Hill Higher Education,
Date of publication, distribution, etc. c2006.
300 ## - PHYSICAL DESCRIPTION
Extent xiii, 768 pages :
Other physical details illustration ;
Dimensions 23 cm.
504 ## - BIBLIOGRAPHY, ETC. NOTE
Bibliography, etc. note Includes index.
650 ## - SUBJECT ADDED ENTRY--TOPICAL TERM
Source of heading or term 1. Building.
650 ## - SUBJECT ADDED ENTRY--TOPICAL TERM
Source of heading or term 2. Civil engineering.
700 ## - ADDED ENTRY--PERSONAL NAME
Personal name Clifford J. Schexnayder
700 ## - ADDED ENTRY--PERSONAL NAME
Personal name Shapira, Aviad
942 ## - ADDED ENTRY ELEMENTS (KOHA)
Source of classification or shelving scheme Dewey Decimal Classification
Koha item type Book Circulation
Edition 7th ed.
Call number prefix Circ.
Suppress in OPAC No
952 ## - LOCATION AND ITEM INFORMATION (KOHA)
--
Holdings
Withdrawn status Lost status Source of classification or shelving scheme Damaged status Not for loan Home library Current library Shelving location Date acquired Source of acquisition Total Checkouts Full call number Barcode Date last seen Copy number Price effective from Koha item type Uniform Resource Identifier
    Dewey Decimal Classification     College Library College Library Circulation 06/23/2008 School Fund   Circ. 624 P514c 2006 45895 11/25/2025 c1 11/25/2025 BK-CIRC